000 01143cam a22003017a 4500
005 20251119112554.0
008 971010s1986 r 00010 d
010 _a63105
011 _a64077
035 _a69154
090 _aTesis
100 1 0 _aHernández Cueva, Juan Gabriel
_953930
245 0 _aAlgunos aspectos del aprovechamiento de la jojoba silvestre Simmondsia chinensis (Link) Schneider, en Baja California
260 _aChapingo, Méx. :
_bEl autor,
_c1986
300 _a98 h.
_b; mapas
502 _aTesis (Ing. Agr. Esp. en Industrias Agrícolas) -- UACH. Departamento de Industrias Agrícolas
590 _aALEPH
_b10
_c20130110
_lUCH01
_h1346
590 _aBATCH-UPD
_b10
_c20130110
_lUCH01
_h0033
590 _aBATCH-UPD
_b10
_c20130110
_lUCH01
_h1253
590 _aBATCH-UPD
_b10
_c20130410
_lUCH01
_h0814
590 _aBATCH-UPD
_b10
_c20130914
_lUCH01
_h1705
590 _aCONVERSION
_b10
_c20130109
_lUCH01
_h1334
650 1 4 _aJojoba
_xBaja California.
_961936
650 1 4 _aJojoba
_xSemilla.
_961948
710 0 _aUACH. Departamento de Industrias Agrícolas.
_9115870
901 _aBK
949 _bIA
_cTES
_d-1322
_eTS1
_i69154
_si
999 _c63105
_d63105